000 00625nam a22001937a 4500
999 _c169837
_d169837
005 20191216111357.0
010 _aA-678403
020 _c200.00
035 _aA-678403
037 _bBPPD/Pub.
082 _a700
100 _aشکیلور رحمان
245 _aہیندوستانی جمالیات جلد دوم /
_bشکیلو رہمان
246 _aHindustani Jamaliyat vol. II (Urdu) /
_bby Shakeelur Rehman
260 _aNew Delhi
_bModern Publishing House
_c1994 ء
270 _bNew Delhi
_e110002
_a9 Gol Market, Daryaganj
300 _a276p.
_c22cm(Hb)
942 _2ddc
_cUR
_h700
_mش ک ی